| 000 | 00517nam a22001457a 4500 | ||
|---|---|---|---|
| 082 | _aT-97 | ||
| 100 |
_aMajor Mirza Manwar Reza _948450 |
||
| 245 |
_aA comparative study of standard penetration test and triaxial compresson test for determining the bearing capacity in case of predominantly cohesive soils _cMajor Mirza Manwar Reza |
||
| 260 |
_aRisalpur _bMCE _c2001 |
||
| 300 | _aviii, 211.p: | ||
| 526 |
_a0 _b0 _c0 _dT_97 |
||
| 650 |
_aThesis _934811 |
||
| 700 |
_aMajor Mirza Manwar Reza _948450 |
||
| 942 |
_2ddc _cBK |
||
| 999 |
_c551396 _d551396 |
||